Catalog

Record Details

Catalog Search



Available copies

  • 1 of 1 copy available at LARL/NWRL Consortium.

Current holds

0 current holds with 1 total copy.

Show Only Available Copies
Location Call Number / Copy Notes Barcode Shelving Location Status Due Date
Roseau Public Library pb ROD (Text) 35500006110041 Main Available -

Record details

  • ISBN: 006238676X
  • ISBN: 9780062386762
  • Physical Description: 374 pages ; 18 cm.
  • Publisher: New York, NY : Avon Books, an imprint of HarperCollins Publishers, 2016.

Content descriptions

General Note:
Includes excerpt of author's Lady Claire is all that (pages [369]-374)
Summary, etc.:
"In the second novel of Maya Rodale enchanting ... Read More
Subject: Nobility > England > London > Fiction.
Heiresses > Fiction.
Americans > England > London > Fiction.
Marriage > England > London > Fiction.
Man-woman relationships > England > London > Fiction.
London (England) > Social life and customs > 19th century > Fiction.
England > Social life and customs > 19th century > Fiction.
Romance fiction.
Historical fiction.
LDR 02494cam a2200421Ii 4500
001302063
003LARL_NWRL_CONSORTIUM
00520181105174737.0
008151008t20162016nyu 000 1 eng d
020 . ‡a006238676X ‡q(paperback)
020 . ‡a9780062386762 ‡q(paperback)
035 . ‡a(OCoLC)923561943
040 . ‡aYDXCP ‡beng ‡erda ‡cYDXCP ‡dBTCTA ‡dBDX ‡dOCLCQ ‡dIFA ‡dOCLCO ‡dSINLB ‡dOCLCQ ‡dGZD
043 . ‡ae-uk-en
08204. ‡a813/.6 ‡223
099 . ‡aROM
1001 . ‡aRodale, Maya, ‡eauthor. ‡0(LARL_NWRL_CONSORTIUM)221291
24510. ‡aChasing Lady Amelia / ‡cMaya Rodale.
264 1. ‡aNew York, NY : ‡bAvon Books, an imprint of HarperCollins Publishers, ‡c2016.
264 4. ‡c℗♭2016
300 . ‡a374 pages ; ‡c18 cm.
336 . ‡atext ‡btxt ‡2rdacontent
337 . ‡aunmediated ‡bn ‡2rdamedia
338 . ‡avolume ‡bnc ‡2rdacarrier
4900 . ‡aKeeping up with the Cavendishes ; ‡v2
500 . ‡aIncludes excerpt of author's Lady Claire is all that (pages [369]-374)
520 . ‡a"In the second novel of Maya Rodale enchanting Keeping Up with the Cavendishes series, an American heiress finds her reputation--and heart--in danger when she travels to London and meets a wickedly tempting rake ... Lady Amelia is fed up with being a proper lady and wishes to explore London, so one night she escapes & nd finds herself in the company of one Alistair Finlay-Jones. He been ordered by his uncle to wed one of the American girls. How lucky then, that one of them stumbles right into his arms! Alistair and Amelia have one perfect day to explore London, from Astley Amphitheater to Vauxhall Gardens. Inevitably they end up falling in love and making love. If anyone finds out, she will be ruined, but he will win everything he ever wanted. When Amelia finds out Alistair has been ordered to marry her, he must woo her and win back the angry American girl. But with the threat of scandals, plural, looming ... will he ever catch up to the woman he loves?"--Page 4 of cover.
650 0. ‡aNobility ‡zEngland ‡zLondon ‡vFiction.
650 0. ‡aHeiresses ‡vFiction.
650 0. ‡aAmericans ‡zEngland ‡zLondon ‡vFiction.
650 0. ‡aMarriage ‡zEngland ‡zLondon ‡vFiction.
650 0. ‡aMan-woman relationships ‡zEngland ‡zLondon ‡vFiction.
651 0. ‡aLondon (England) ‡xSocial life and customs ‡y19th century ‡vFiction. ‡0(LARL_NWRL_CONSORTIUM)168662
651 0. ‡aEngland ‡xSocial life and customs ‡y19th century ‡vFiction. ‡0(LARL_NWRL_CONSORTIUM)168418
650 0. ‡aRomance fiction. ‡0(LARL_NWRL_CONSORTIUM)29934
650 0. ‡aHistorical fiction. ‡0(LARL_NWRL_CONSORTIUM)22198
901 . ‡a302063 ‡b ‡c302063 ‡tbiblio

Additional Resources